| 000 | 00730nam a22002417a 4500 | ||
|---|---|---|---|
| 008 | 130826b xxu||||| |||| 00| 0 eng d | ||
| 020 | _a0-415-25407-7 | ||
| 024 | _cAvailable | ||
| 037 | _cAvailable | ||
| 040 |
_aMBSTU LIBRARY _dMBSTU LIBRARY |
||
| 082 |
_222 _a801.95 RIP |
||
| 100 | _aRichards, I.A. | ||
| 245 | _aPrinciples of literary criticism. | ||
| 260 |
_aNew York. _bRoutledge Classics. _c2001 |
||
| 300 |
_a19 cm _b283 page _f1 _g19 cm. |
||
| 600 | _2Literay forms of criticism. | ||
| 650 | _2Literay forms of criticism. | ||
| 700 | _aRichards, I.A. | ||
| 270 |
_aNew york _bNew York _dUSA |
||
| 365 |
_b1009.00 _d1009.00 |
||
| 942 |
_2ddc _cBK |
||
| 999 |
_c626 _d626 |
||